000 00232nam a22000977a 4500
003 SGT
245 _aJournal of Clinical Periodontology
260 _bBlack well
_c2003-2005
300 _a400,300,400,300,400,450,450,400
942 _2ddc
_cBV
999 _c30264
_d30264